Представление документа в формате RUSMARC

ПолеНазваниеЗначение
  Тип записи a
  Библиографический уровень m
001 Контрольный номер 2b138c8a1b874ed6ad365e3770a87f53
005 Дата корректировки 20260602100717.7
010 Индекс ISBN __
a ISBN 978-5-9614-9328-3
b Уточнения в пер.
b Уточнения рус.
010 Индекс ISBN __
a ISBN 978-5-9614-9665-9
b Уточнения сер.
010 Индекс ISBN __
a ISBN 978-3-5225-0703-5
b Уточнения нем.
9 Тираж 3000 экз.
d Цена 563-06
100 Данные общей обработки __
a Данные общей обработки 20260529d2024 c y0rusy028902 ca
101 Язык документа 1_
a Язык текста rus
c Язык оригинала ger
102 Страна публикации __
a Страна публикации RU
105 Кодированные данные (монография) __
a Кодированные данные (монография) a z 000ay
181 Поле кодированных данных: вид содержания _0
a Код вида содержания (ISBD) i
182 Поле кодированных данных: тип средства _0
a Код типа средства (ISBD) n
200 Заглавие и сведения об ответственности 1_
a Заглавие На седьмом небе
f Первые сведения об ответственности Хайке Ева Шмидт
g Последующие сведения об ответственности перевод с немецкого [Анна Торгашина]
g Последующие сведения об ответственности с иллюстрациями Николая Ренгера
e Сведения, относящиеся к заглавию [для младшего школьного возраста]
203 Вид содержания и тип средства __
c Тип средства непосредственный
a Вид содержания Текст
210 Выходные данные 1_
a Место издания Москва
c Издательство Альпина.дети
c Издательство Альпина Паблишер
d Дата издания 2024
215 Физическое описание __
a Объем 204, [3] с.
c Иллюстрации/тип воспроизводства ил.
d Формат 22 см
225 Серия 2_
a Серия Банда лам
300 Общие примечания __
a Общие примечания 2-я книга серии
330 Аннотация __
a Аннотация Шерлок Холмс - это вчерашний день. Пришло время банды лам! Ламастрофа! Чубчик влюбился в верблюда Дафну, живущую в приюте для животных. Петрушка кипит от ревности, да и Эйнштейн тоже не в восторге. Но когда друзья узнают, что приюту и его обитателям грозит опасность, они забывают о разногласиях и бросаются на помощь. Удастся ли "Банде лам" с помощью своего детективного чутья поймать с поличным недобросовестного бизнесмена? ПрофессиоЛАМЫ снова в деле!
333 Примечание о целевом назначении __
a Примечание о целевом назначении 6+. Для детей старше шести лет
454 Оригинал _0
1 2001
a Die Lama Gang. Mit Herz & Spucke. Auf Wolle 7
f Heike Eva Schmidt
1 700 1
a Schmidt
g Heike Eva
b H. E.
532 Расширенное заглавие 10
a Расширенное заглавие На 7 небе
606 Тематические рубрики __
2 Код системы nlr_sh
a Основная рубрика Художественная литература
606 Тематические рубрики __
2 Код системы nlr_sh
a Основная рубрика Литература Европы (произведения)
y Географическая подрубрика Германия
610 Ключевые слова 0_
a Ключевые слова детская литература
610 Ключевые слова 0_
a Ключевые слова немецкая литература
610 Ключевые слова 0_
a Ключевые слова зарубежная литература
610 Ключевые слова 0_
a Ключевые слова тема животных
610 Ключевые слова 0_
a Ключевые слова животные
610 Ключевые слова 0_
a Ключевые слова ламы
610 Ключевые слова 0_
a Ключевые слова тема расследований
610 Ключевые слова 0_
a Ключевые слова детские детективы
610 Ключевые слова 0_
a Ключевые слова приключения
610 Ключевые слова 0_
a Ключевые слова приключения для детей
610 Ключевые слова 0_
a Ключевые слова приключенческие детективы
610 Ключевые слова 0_
a Ключевые слова смешные истории
610 Ключевые слова 0_
a Ключевые слова юмористические детективы
610 Ключевые слова 0_
a Ключевые слова детективные расследования
610 Ключевые слова 0_
a Ключевые слова детективы-животные
610 Ключевые слова 0_
a Ключевые слова ламы-детективы
686 Индексы других классификаций __
2 Код системы rubbks
a Классификационный индекс мл84
700 Автор _1
a Фамилия Шмидт
b Имя Х. Е.
g Полное личное имя Хайке Ева
f Даты 1969-
4 Код отношения 070
702 Вторичная интеллектуальная ответственность _1
a Фамилия Ренгер
b Имя Н.
g Полное личное имя Николай
4 Код отношения 440
f Даты 1982-
702 Вторичная интеллектуальная ответственность _1
a Фамилия Торгашина
b Имя А. А.
g Полное личное имя Анна Александровна
f Даты 1979-
4 Код отношения 730
801 Источник записи _0
b Организация Муниципальное бюджетное учреждение культуры "Централизованная библиотечная система" г. Сургут (Центральная городская библиотека им. А. С. Пушкина)
a Страна RU
c Дата составления 20260529
g Правила каталогизации PSBO
801 Источник записи _1
b Организация Муниципальное бюджетное учреждение культуры "Централизованная библиотечная система" г. Сургут (Центральная городская библиотека им. А. С. Пушкина)
a Страна RU
c Дата составления 20260529
g Правила каталогизации PSBO
852 Данные о местонахождении 5_
i Авторский знак Ш 73
j Шифр хранения мл84
900 Макрообъекты __
a Макрообъекты На седьмом небе. Шмидт, Х. Е. , 2024
901 Тип документа __
a Ответственный ООФиК/Губина
t Тип документа m
901 Тип документа __
a Ответственный 6 партия
903 Характеристики (МАРС) __
a Дата передачи 20260529
c Наименование библиотеки (МАРС) Муниципальное бюджетное учреждение культуры "Централизованная библиотечная система" г. Сургут (Центральная городская библиотека им. А. С. Пушкина)
969 Тип издания __
a Тип издания издание для детей
a Тип издания Ф 26
990 Данные о заказе (DOS) __
j Количество экземпляров (DOS) 6
t N записи в КСУ для И/У (DOS) 202606